Pygmalion (Record no. 8977)

MARC details
000 -LEADER
fixed length control field 00526cam a2200217ua 4500
001 - CONTROL NUMBER
control field 9985
005 - DATE AND TIME OF LATEST TRANSACTION
control field 20260515114542.0
008 - FIXED-LENGTH DATA ELEMENTS--GENERAL INFORMATION
fixed length control field 170304n ii |||gr||||Z||||||eng
020 ## - INTERNATIONAL STANDARD BOOK NUMBER
International Standard Book Number 9788122903317
040 ## - CATALOGING SOURCE
Transcribing agency MAIN
041 ## - LANGUAGE CODE
Language code of text/sound track or separate title eng
082 ## - DEWEY DECIMAL CLASSIFICATION NUMBER
Classification number 822
100 ## - MAIN ENTRY--PERSONAL NAME
Personal name Shaw, George Bernard,
Relator term Author.
245 ## - TITLE STATEMENT
Title Pygmalion
Statement of responsibility, etc. By George Bernard Shaw
250 ## - EDITION STATEMENT
Edition statement 3rd rep.
260 ## - PUBLICATION, DISTRIBUTION, ETC.
Place of publication, distribution, etc. Delhi:
Name of publisher, distributor, etc. Surjeet publications,
Date of publication, distribution, etc. 2014.
300 ## - PHYSICAL DESCRIPTION
Extent 348p.
653 ## - INDEX TERM--UNCONTROLLED
Uncontrolled term English drama
700 ## - ADDED ENTRY--PERSONAL NAME
Personal name Narula, S.C.,
Relator term Author.
942 ## - ADDED ENTRY ELEMENTS (KOHA)
Koha item type Books
Holdings
Withdrawn status Lost status Damaged status Not for loan Home library Current library Shelving location Date acquired Total checkouts Full call number Barcode Date last seen Copy number Price effective from Koha item type
        Naharkatiya College Library Naharkatiya College Library General stacks 09/19/2020   822English drama | NAR 23604 09/19/2020 1 09/19/2020 Books
        Naharkatiya College Library Naharkatiya College Library General stacks 09/19/2020   822English drama | NAR 23605 09/19/2020 2 09/19/2020 Books